00359nam a22001337a 450000500170000002000150001708200150003210000120004724500400005925000290009926000540012830000210018265000220020320250823105800.0 a0442301731 a541.28 CLA aClark,H aA First Course In Quantum Mechanics aLow Price Edition- 1982  aEnglandbVan Nostrand Reinhold (UK) Co.Ltd.c1982 a368pbHard Cover aQuantum Mechanics